| 000 | 00575nam a2200169 a 4500 | ||
|---|---|---|---|
| 005 | 20220621063536.0 | ||
| 008 | 991125s1928 mx 000 0 spa u | ||
| 035 | _aUPN01000006889 | ||
| 049 | _aSEP | ||
| 050 | 4 |
_aLB3409 M4 _bC37 |
|
| 245 | 0 | 0 |
_aCartilla de higiene : _bescrita especialmente para la población indígena : aprobada por el departamento de psicopedagogía e higiene. |
| 260 |
_aMéxico : _bSEP, _c1928. |
||
| 300 | _a48 p. | ||
| 440 | 0 |
_aBiblioteca del maestro rural mexicano ; _v2 |
|
| 650 | 4 |
_aHigiene _xEstudio y enseñanza (Elemental) _925040 |
|
| 905 | _aLibro | ||
| 999 |
_c6889 _d6889 |
||